National Parks of the World - Statistics

General Stats
  • This quiz has been taken 54 times
  • The average score is 16 of 30
Answer Stats
Hint Answer % Correct
Olympos Greece
87%
Snæfellsjökull Iceland
87%
Serengeti Tanzania
87%
Yosemite United States
87%
Grand Canyon United States
87%
Fuji-Hakone-Izu Japan
84%
Aoraki/Mount Cook New Zealand
82%
Kilimanjaro Tanzania
82%
Mount Ararat Turkey
80%
Banff Canada
78%
Dartmoor United Kingdom
73%
Uluru-Kata Tjuta Australia
69%
Iguaçu Brazil
69%
Table Mountain South Africa
69%
Białowieża Poland
67%
Blue Mountains Australia
58%
Snowdonia United Kingdom
53%
Killarney Ireland
51%
Fiordland New Zealand
44%
Wuyi Mountains China
42%
Tsavo East Kenya
31%
Gros Morne Canada
29%
Calanques France
27%
Golestan Iran
24%
Canaima Venezuela
24%
Bwindi Impenetrable Uganda
18%
Masada Israel
16%
Pilanesberg South Africa
16%
Xingu Brazil
13%
Mount Elgon Kenya/Uganda
4%
No matching quizzes found
Score Distribution
Percent of People with Each Score
Percentile by Number Answered
Your Score History
You have not taken this quiz